<?xml version="1.0" encoding="UTF-8"?>
<record
    xmlns:xsi="http://www.w3.org/2001/XMLSchema-instance"
    xsi:schemaLocation="http://www.loc.gov/MARC21/slim http://www.loc.gov/standards/marcxml/schema/MARC21slim.xsd"
    xmlns="http://www.loc.gov/MARC21/slim">

  <leader>00391nam a22001457a 4500</leader>
  <controlfield tag="005">20250626111625.0</controlfield>
  <controlfield tag="008">250626b        |||||||| |||| 00| 0 eng d</controlfield>
  <datafield tag="020" ind1=" " ind2=" ">
    <subfield code="a"> 81-219-3245-9</subfield>
  </datafield>
  <datafield tag="082" ind1=" " ind2=" ">
    <subfield code="2">1st ed</subfield>
  </datafield>
  <datafield tag="100" ind1=" " ind2=" ">
    <subfield code="a"> Chopra R</subfield>
    <subfield code="9">108887</subfield>
  </datafield>
  <datafield tag="245" ind1=" " ind2=" ">
    <subfield code="a">Database Management Systems </subfield>
    <subfield code="b">A Practical Approach</subfield>
  </datafield>
  <datafield tag="260" ind1=" " ind2=" ">
    <subfield code="a">New Delhi</subfield>
    <subfield code="b">S.Chand &amp; Company Ltd. </subfield>
    <subfield code="c">2010</subfield>
  </datafield>
  <datafield tag="300" ind1=" " ind2=" ">
    <subfield code="a">687p</subfield>
  </datafield>
  <datafield tag="942" ind1=" " ind2=" ">
    <subfield code="c">BK</subfield>
  </datafield>
  <datafield tag="999" ind1=" " ind2=" ">
    <subfield code="c">367101</subfield>
    <subfield code="d">367101</subfield>
  </datafield>
  <datafield tag="952" ind1=" " ind2=" ">
    <subfield code="0">0</subfield>
    <subfield code="1">0</subfield>
    <subfield code="2">ddc</subfield>
    <subfield code="4">0</subfield>
    <subfield code="7">0</subfield>
    <subfield code="a">001</subfield>
    <subfield code="b">001</subfield>
    <subfield code="d">2025-06-26</subfield>
    <subfield code="l">1</subfield>
    <subfield code="p">KBJP-D-505</subfield>
    <subfield code="r">2025-10-10 12:01:38</subfield>
    <subfield code="s">2025-10-06</subfield>
    <subfield code="w">2025-06-26</subfield>
    <subfield code="y">BK</subfield>
    <subfield code="z">D505</subfield>
  </datafield>
  <datafield tag="952" ind1=" " ind2=" ">
    <subfield code="0">0</subfield>
    <subfield code="1">0</subfield>
    <subfield code="2">ddc</subfield>
    <subfield code="4">0</subfield>
    <subfield code="7">0</subfield>
    <subfield code="a">001</subfield>
    <subfield code="b">001</subfield>
    <subfield code="d">2025-06-26</subfield>
    <subfield code="p">KBJP-D-506</subfield>
    <subfield code="r">2025-06-26 00:00:00</subfield>
    <subfield code="w">2025-06-26</subfield>
    <subfield code="y">BK</subfield>
    <subfield code="z">D506</subfield>
  </datafield>
  <datafield tag="952" ind1=" " ind2=" ">
    <subfield code="0">0</subfield>
    <subfield code="1">0</subfield>
    <subfield code="2">ddc</subfield>
    <subfield code="4">0</subfield>
    <subfield code="7">0</subfield>
    <subfield code="a">001</subfield>
    <subfield code="b">001</subfield>
    <subfield code="d">2025-06-26</subfield>
    <subfield code="p">KBJP-D-507</subfield>
    <subfield code="r">2025-06-26 00:00:00</subfield>
    <subfield code="w">2025-06-26</subfield>
    <subfield code="y">BK</subfield>
    <subfield code="z">D507</subfield>
  </datafield>
  <datafield tag="952" ind1=" " ind2=" ">
    <subfield code="0">0</subfield>
    <subfield code="1">0</subfield>
    <subfield code="2">ddc</subfield>
    <subfield code="4">0</subfield>
    <subfield code="7">0</subfield>
    <subfield code="a">001</subfield>
    <subfield code="b">001</subfield>
    <subfield code="d">2025-06-26</subfield>
    <subfield code="l">2</subfield>
    <subfield code="p">KBJP-D-508</subfield>
    <subfield code="r">2025-11-14 13:03:13</subfield>
    <subfield code="s">2025-11-10</subfield>
    <subfield code="w">2025-06-26</subfield>
    <subfield code="y">BK</subfield>
    <subfield code="z">D508</subfield>
  </datafield>
  <datafield tag="952" ind1=" " ind2=" ">
    <subfield code="0">0</subfield>
    <subfield code="1">0</subfield>
    <subfield code="2">ddc</subfield>
    <subfield code="4">0</subfield>
    <subfield code="7">0</subfield>
    <subfield code="a">001</subfield>
    <subfield code="b">001</subfield>
    <subfield code="d">2025-06-26</subfield>
    <subfield code="l">2</subfield>
    <subfield code="p">KBJP-D-509</subfield>
    <subfield code="r">2025-11-10 10:22:20</subfield>
    <subfield code="s">2025-11-03</subfield>
    <subfield code="w">2025-06-26</subfield>
    <subfield code="y">BK</subfield>
    <subfield code="z">D509</subfield>
  </datafield>
</record>
